| 000 | 00557cam a22002171 4500 | ||
|---|---|---|---|
| 001 | 5947464 | ||
| 005 | 20180115074454.0 | ||
| 008 | 770408s1933 ohu 000 0 eng | ||
| 010 | _a 33011608 | ||
| 035 | _a(OCoLC)2871479 | ||
| 040 |
_aDLC _cNmU _dDLC |
||
| 041 | _aeng | ||
| 042 | _apremarc | ||
| 080 | _a321 | ||
| 082 | _2321 BUR | ||
| 100 | 1 | _a19 | |
| 101 | _aSHP | ||
| 245 | 0 | 0 |
_aHandbook of mathematical tables and formulas, _ccompiled by Richard Stevens Burington. |
| 906 |
_a7 _bcbc _coclcrpl _du _encip _f19 _gy-gencatlg |
||
| 942 |
_2ddc _cBK |
||
| 999 |
_c40284 _d40284 |
||